FIFA FIFPro World XI 2006 - Statistics

Statistiche generali
  • Questo quiz è stato fatto 40 volte
  • Il punteggio medio è 10 su 11
Statistiche sulle risposte
Ruolo Nazione Squadra Calciatore % Corretto
Portiere Italia Juventus Gianluigi Buffon
100%
Centrocampista Italia Milan Andrea Pirlo
97%
Attaccante Camerun Barcellona Samuel Eto'o
97%
Attaccante Francia Arsenal Thierry Henry
97%
Difensore Italia Juventus Real Madrid Fabio Cannavaro
94%
Centrocampista Brasile Milan Kaká
92%
Attaccante Brasile Barcellona Ronaldinho
92%
Centrocampista Francia Real Madrid Zinédine Zidane
92%
Difensore Inghilterra Chelsea John Terry
89%
Difensore Francia Juventus / Barcellona Lilian Thuram
86%
Difensore Italia Juventus / Barcellona Gianluca Zambrotta
78%
Nessun quiz corrispondente trovato
Distribuzione punteggi
Percentuale di utenti per punteggio
Percentile per numero di risposta
I tuoi punteggi nel tempo
Non hai fatto questo quiz